India-China border : (Record no. 143299)

MARC details
000 -LEADER
fixed length control field 00621nam a22001937a 4500
005 - DATE AND TIME OF LATEST TRANSACTION
control field 20170811155557.0
010 ## - LCCN (DPL NO)
LC control number ENG-119638
020 ## - INTERNATIONAL STANDARD BOOK NUMBER
International Standard Book Number 9789386288639
Terms of availability 400.00
035 ## - SYSTEM CONTROL NUMBER
System control number EN-103170
037 ## - SOURCE OF ACQUISITION
Source of stock number/acquisition DBAD/PUB
082 ## - DEWEY DECIMAL CLASSIFICATION NUMBER
Classification number 327.54
100 ## - MAIN ENTRY--PERSONAL NAME
Personal name Eram Fatma
245 ## - TITLE STATEMENT
Title India-China border :
Statement of responsibility, etc by Earm Fatma
Remainder of title a case study of Sikkim's Nathu La/
260 ## - PUBLICATION, DISTRIBUTION, ETC. (IMPRINT)
Place of publication, distribution, etc New Delhi
Name of publisher, distributor, etc KW Publishers Pvt. Ltd
Date of publication, distribution, etc 2017
270 ## - ADDRESS
Address 4676/21, First Floor, Ansari Road, Daryaganj
City New Delhi
Postal code 110002
300 ## - PHYSICAL DESCRIPTION
Extent v,135p.
Dimensions 23cm(Hb)
500 ## - GENERAL NOTE
General note Includes bibliographical references
942 ## - ADDED ENTRY ELEMENTS (KOHA)
Source of classification or shelving scheme Dewey Decimal Classification
Item type English Books
Classification part 327.54
Call number suffix ERA
Holdings
Withdrawn status Lost status Not for loan Collection code Home library Current library Date acquired Source of acquisition Cost, normal purchase price Full call number Barcode Copy number Cost, replacement price Koha item type
    Not For Loan Non-fiction D.B.Act.Division D.B.Act.Division 11/08/2017 DBAD/PUB 400.00 327.54 ERA EN-103170 1 400.00 English Books

© Delhi Public Library
Hit Counter
free hit counter